[Event "Vienna State-ch"]
[Site "Vienna"]
[Date "2024.09.15"]
[Round "9"]
[White "Balint, Peter1"]
[Black "Schwarhofer, Christopher"]
[Result "1-0"]
[WhiteElo "2345"]
[BlackElo "2283"]
[PlyCount "117"]
[EventDate "2024.09.07"]
[EventType "tourn"]
[EventRounds "9"]
[EventCountry "AUT"]
[EventCategory "4"]
[SourceTitle "EXT 2025"]
[Source "ChessBase"]
[SourceDate "2024.10.14"]
[SourceVersion "1"]
[SourceVersionDate "2024.10.14"]
[SourceQuality "1"]

1. e4 c5 2. Nf3 d6 3. d4 cxd4 4. Nxd4 Nf6 5. Nc3 g6 6. Be3 Bg7 7. f3 Nc6 8. Qd2 0-0 9. Bc4 Nxd4 10. Bxd4 Be6 11. Bb3 Qa5 12. 0-0-0 b5 13. Kb1 b4 14. Bxe6 fxe6 15. Ne2 e5 16. Be3 d5 17. exd5 Rfd8 18. c4 Rac8 19. b3 e6 20. Bg5 exd5 21. Bxf6 Bxf6 22. cxd5 Be7 23. Ng3 Rc5 24. Ne4 Rcxd5 25. Qc2 Qb5 26. Rxd5 Qxd5 27. h4 Kg7 28. h5 gxh5 29. Ng3 Bg5 30. Nxh5+ Kg8 31. Ng3 Qd3 32. Qxd3 Rxd3 33. Ne4 Bf4 34. Kc2 Rd8 35. Rd1 Rc8+ 36. Kb2 Be3 37. Rd7 Bd4+ 38. Kb1 Rc6 39. g4 Be3 40. Rd3 Bf4 41. Rd8+ Kg7 42. Rd7+ Kg6 43. Rd6+ Rxd6 44. Nxd6 h5 45. gxh5+ Kxh5 46. Kc2 Kg5 47. Kd3 Kf6 48. Ke4 Ke6 49. Nb5 a5 50. Nc7+ Kd6 51. Nd5 Bh2 52. Nb6 Kc5 53. Nc4 a4 54. Nxe5 axb3 55. axb3 Bg3 56. Nd3+ Kb5 57. Kd5 Bh4 58. f4 Be7 59. f5 1-0

[Event "Vienna State-ch"]
[Site "Vienna"]
[Date "2024.09.12"]
[Round "6"]
[White "Schwarhofer, Christopher"]
[Black "Borrmann, Laurenz"]
[Result "0-1"]
[WhiteElo "2283"]
[BlackElo "2425"]
[PlyCount "98"]
[EventDate "2024.09.07"]
[EventType "tourn"]
[EventRounds "9"]
[EventCountry "AUT"]
[EventCategory "4"]
[SourceTitle "EXT 2025"]
[Source "ChessBase"]
[SourceDate "2024.10.14"]
[SourceVersion "1"]
[SourceVersionDate "2024.10.14"]
[SourceQuality "1"]

1. e4 e5 2. f4 exf4 3. Nf3 Nf6 4. e5 Nh5 5. d4 d5 6. c4 g5 7. Nc3 g4 8. Nxd5 c6 9. Nc3 gxf3 10. Qxf3 Qh4+ 11. Qf2 Be7 12. Ne4 Bb4+ 13. Kd1 Bg4+ 14. Kc2 Qxf2+ 15. Nxf2 Bf5+ 16. Bd3 Bg6 17. Bxg6 hxg6 18. g4 fxg3 19. hxg3 f5 20. exf6 0-0 21. a3 Ba5 22. Bh6 Rxf6 23. Ng4 Re6 24. d5 Re2+ 25. Kd3 Rxb2 26. Ne5 Rb3+ 27. Kc2 Rc3+ 28. Kd1 Rxg3 29. Rb1 Bc7 30. Rxb7 Bxe5 31. Re1 Nd7 32. Rxd7 Bc3 33. Ree7 cxd5 34. cxd5 Nf6 35. Rxa7 Rxa7 36. Rxa7 Nxd5 37. Rd7 Nb6 38. Rc7 Bd4 39. Rc6 Kf7 40. Bc1 g5 41. Kc2 g4 42. a4 Nd5 43. Rd6 Nb4+ 44. Kd1 Bc5 45. Rd7+ Ke6 46. Rb7 Kd5 47. Bd2 Rg1+ 48. Ke2 Nc6 49. Rd7+ Ke4 0-1

[Event "St Veit op 43rd"]
[Site "St Veit"]
[Date "2024.07.12"]
[Round "8"]
[White "Schwarhofer, Christopher"]
[Black "Kienboeck, Benjamin"]
[Result "1-0"]
[WhiteElo "2292"]
[BlackElo "2215"]
[PlyCount "57"]
[EventDate "2024.07.06"]
[EventType "swiss"]
[EventRounds "9"]
[EventCountry "AUT"]
[SourceTitle "CBM 221 Extra"]
[Source "ChessBase"]
[SourceDate "2024.09.30"]
[SourceVersion "1"]
[SourceVersionDate "2024.09.30"]
[SourceQuality "1"]

1. e4 c6 2. c4 d5 3. cxd5 cxd5 4. exd5 Nf6 5. Qa4+ Bd7 6. Qb3 Qc8 7. Nc3 g6 8. Bc4 Bg7 9. Nf3 0-0 10. 0-0 Ne8 11. Re1 Nd6 12. Bf1 Nf5 13. Re4 Na6 14. d4 Nc7 15. Bf4 Ne8 16. Rc1 Qd8 17. Rd1 Nfd6 18. Re3 Bg4 19. h3 Bxf3 20. Rxf3 Rc8 21. Be5 Rc7 22. h4 Kh8 23. h5 gxh5 24. Rh3 Nf6 25. Bd3 Rg8 26. Bb1 Qc8 27. Qc2 Nfe4 28. Bxd6 Qxh3 29. gxh3 1-0

[Event "St Veit op 43rd"]
[Site "St Veit"]
[Date "2024.07.11"]
[Round "7"]
[White "Bratko, Alexander"]
[Black "Schwarhofer, Christopher"]
[Result "0-1"]
[WhiteElo "2042"]
[BlackElo "2292"]
[PlyCount "104"]
[EventDate "2024.07.06"]
[EventType "swiss"]
[EventRounds "9"]
[EventCountry "AUT"]
[SourceTitle "CBM 221 Extra"]
[Source "ChessBase"]
[SourceDate "2024.09.30"]
[SourceVersion "1"]
[SourceVersionDate "2024.09.30"]
[SourceQuality "1"]

1. d4 f5 2. c4 e6 3. g3 Nf6 4. Bg2 Be7 5. Nf3 0-0 6. 0-0 d6 7. Nc3 Ne4 8. Qc2 Nxc3 9. Qxc3 a5 10. b3 Nc6 11. Bb2 Bf6 12. Rad1 Qe7 13. a3 e5 14. Qc1 e4 15. Ne1 g5 16. Nc2 Qg7 17. Ba1 Bd7 18. Kh1 Rae8 19. Qd2 Qh6 20. f3 exf3 21. Bxf3 Qg6 22. Rde1 h5 23. Qd3 Kh7 24. e4 Bxd4 25. Bxd4 fxe4 26. Bxe4 Rxf1+ 27. Rxf1 Rxe4 28. Rf6 Qe8 29. Qf1 Nxd4 30. Rf8 Qe6 31. Nxd4 Rxd4 32. Qf7+ Qxf7 33. Rxf7+ Kg6 34. Rxd7 Rd3 35. b4 Rxa3 36. b5 Rc3 37. Rxc7 a4 38. Rxb7 Rxc4 39. Ra7 Rb4 40. b6 Kf5 41. b7 d5 42. Ra5 Rxb7 43. Rxd5+ Kg4 44. Ra5 Kh3 45. Kg1 Rb2 46. Rxg5 a3 47. Ra5 a2 48. Ra4 Rg2+ 49. Kh1 Rxh2+ 50. Kg1 Rg2+ 51. Kh1 Rb2 52. Kg1 Kxg3 0-1

[Event "St Veit op 43rd"]
[Site "St Veit"]
[Date "2024.07.07"]
[Round "2"]
[White "Schwarhofer, Christopher"]
[Black "Sohn, Benedikt"]
[Result "1/2-1/2"]
[WhiteElo "2292"]
[BlackElo "2045"]
[PlyCount "67"]
[EventDate "2024.07.06"]
[EventType "swiss"]
[EventRounds "9"]
[EventCountry "AUT"]
[SourceTitle "CBM 221 Extra"]
[Source "ChessBase"]
[SourceDate "2024.09.30"]
[SourceVersion "1"]
[SourceVersionDate "2024.09.30"]
[SourceQuality "1"]

1. e4 c5 2. Nc3 Nc6 3. Bb5 Nd4 4. Nf3 a6 5. Bd3 g6 6. 0-0 Bg7 7. Nxd4 cxd4 8. Ne2 d5 9. Re1 dxe4 10. Bxe4 e5 11. Ng3 Ne7 12. d3 f5 13. Bf3 0-0 14. c3 dxc3 15. bxc3 Kh8 16. Ba3 Re8 17. Rb1 Rb8 18. Qb3 b5 19. Bc5 Qd7 20. a4 Bb7 21. Bxb7 Rxb7 22. d4 Nc6 23. dxe5 Rxe5 24. Rxe5 Bxe5 25. Rd1 Qf7 26. Qxf7 Rxf7 27. axb5 axb5 28. Ne2 Kg7 29. f4 Bb8 30. Kf2 Ba7 31. Rd5 b4 32. Bxa7 Rxa7 33. Rc5 Ra6 34. cxb4 1/2-1/2

[Event "St Veit op 43rd"]
[Site "St Veit"]
[Date "2024.07.06"]
[Round "1"]
[White "Lang, Karl"]
[Black "Schwarhofer, Christopher"]
[Result "1/2-1/2"]
[WhiteElo "1963"]
[BlackElo "2292"]
[PlyCount "48"]
[EventDate "2024.07.06"]
[EventType "swiss"]
[EventRounds "9"]
[EventCountry "AUT"]
[SourceTitle "CBM 221 Extra"]
[Source "ChessBase"]
[SourceDate "2024.09.30"]
[SourceVersion "1"]
[SourceVersionDate "2024.09.30"]
[SourceQuality "1"]

1. d4 f5 2. g3 e6 3. Bg2 Nf6 4. Nf3 Be7 5. c4 0-0 6. Nc3 Ne4 7. 0-0 Bf6 8. Bd2 d6 9. Be1 c6 10. Qd3 d5 11. Rd1 Bd7 12. Ne5 Be8 13. Nxe4 fxe4 14. Qb3 Bxe5 15. dxe5 Nd7 16. cxd5 cxd5 17. Qxb7 Rb8 18. Qxa7 Rxb2 19. Qa6 Nc5 20. Qa3 Na4 21. Rd4 Rxe2 22. Rxa4 Bxa4 23. Qxa4 Qb6 24. Qb4 Qa6 1/2-1/2

[Event "AUT-chT2O 2324"]
[Site "Austria"]
[Date "2024.02.10"]
[Round "8.2"]
[White "Schwarhofer, Christopher"]
[Black "Krnan, Tomas"]
[Result "1/2-1/2"]
[WhiteElo "2294"]
[BlackElo "2441"]
[PlyCount "99"]
[EventDate "2023.10.13"]
[EventType "team-tourn"]
[EventRounds "11"]
[EventCountry "AUT"]
[SourceTitle "EXT 2025"]
[Source "ChessBase"]
[SourceDate "2024.10.14"]
[SourceVersion "1"]
[SourceVersionDate "2024.10.14"]
[SourceQuality "1"]
[WhiteTeam "Amateure"]
[BlackTeam "Oggau Union"]
[WhiteTeamCountry "AUT"]
[BlackTeamCountry "AUT"]

1. e4 e5 2. f4 exf4 3. Nf3 Nf6 4. e5 Nh5 5. d4 d6 6. Qe2 dxe5 7. Nxe5 Qh4+ 8. g3 Nxg3 9. hxg3 Qxh1 10. Bxf4 Bd6 11. Nc3 0-0 12. 0-0-0 Bh3 13. Nxf7 Bxf4+ 14. gxf4 Nd7 15. Qc4 Rxf7 16. Qxf7+ Kxf7 17. Bc4+ Be6 18. Bxe6+ Kxe6 19. Rxh1 Nf6 20. Kd2 Rd8 21. Ke3 h5 22. Ne4 Ng4+ 23. Kf3 g6 24. c3 Kd5 25. b3 b5 26. Re1 Rf8 27. Ng5 Rf6 28. Re7 Nh2+ 29. Kg2 Ng4 30. Kg3 Kd6 31. Rg7 Kc6 32. Nf3 Nh6 33. Ne5+ Kd5 34. Kf3 b4 35. Rxc7 bxc3 36. Rxc3 Nf5 37. Rc7 Nxd4+ 38. Ke3 Rxf4 39. Kxf4 Ne6+ 40. Kg3 Nxc7 41. Nxg6 Nb5 42. Nf4+ Kc5 43. Nd3+ Kd4 44. Nb4 Kc3 45. Nc6 Nd4 46. Nxa7 Nxb3 47. Nb5+ Kb4 48. axb3 Kxb3 49. Kh4 Kb4 50. Kxh5 1/2-1/2

[Event "AUT-chT2O 2324"]
[Site "Austria"]
[Date "2023.10.15"]
[Round "3.2"]
[White "Antoli Royo, Joaquin Miguel"]
[Black "Schwarhofer, Christopher"]
[Result "1-0"]
[WhiteElo "2413"]
[BlackElo "2294"]
[PlyCount "73"]
[EventDate "2023.10.13"]
[EventType "team-tourn"]
[EventRounds "11"]
[EventCountry "AUT"]
[SourceTitle "EXT 2025"]
[Source "ChessBase"]
[SourceDate "2024.10.14"]
[SourceVersion "1"]
[SourceVersionDate "2024.10.14"]
[SourceQuality "1"]
[WhiteTeam "Wien Austria"]
[BlackTeam "Amateure"]
[WhiteTeamCountry "AUT"]
[BlackTeamCountry "AUT"]

1. e4 c5 2. Nf3 g6 3. c3 d5 4. e5 Nc6 5. d4 Bg4 6. Nbd2 e6 7. dxc5 Bxc5 8. Qa4 Bxf3 9. Nxf3 Qb6 10. Qh4 Be7 11. Qf4 Qc7 12. Bd3 f6 13. exf6 Qxf4 14. Bxf4 Bxf6 15. 0-0-0 Nge7 16. Rhe1 Kf7 17. Re2 Rhe8 18. g4 Rac8 19. Kb1 a6 20. Rde1 Nd8 21. h4 Nec6 22. h5 Rg8 23. Bd6 Na5 24. g5 Bg7 25. Nh4 Bh8 26. hxg6+ hxg6 27. Rh1 Nc4 28. Nxg6 Rxg6 29. Bxc4 Nc6 30. Bb3 Rxg5 31. f4 Rg4 32. f5 exf5 33. Bxd5+ Kf6 34. Re6+ Kg5 35. Bf3 Bf6 36. Bxg4 fxg4 37. Rf1 1-0

[Event "Vienna Ottakring 100 Years"]
[Site "Vienna"]
[Date "2023.09.01"]
[Round "7"]
[White "Wuebker, Paul Luca"]
[Black "Schwarhofer, Christopher"]
[Result "1-0"]
[WhiteElo "2181"]
[BlackElo "2331"]
[PlyCount "119"]
[EventDate "2023.08.26"]
[EventType "swiss"]
[EventRounds "9"]
[EventCountry "AUT"]
[SourceTitle "CBM 216 Extra"]
[Source "ChessBase"]
[SourceDate "2023.11.30"]
[SourceVersion "1"]
[SourceVersionDate "2023.11.30"]
[SourceQuality "1"]

1. d4 Nf6 2. c4 e6 3. Nf3 Bb4+ 4. Nbd2 b6 5. a3 Bxd2+ 6. Nxd2 Bb7 7. e3 0-0 8. Qc2 Qe7 9. b3 d6 10. Bd3 Bxg2 11. Rg1 Bb7 12. Bb2 Nbd7 13. 0-0-0 Kh8 14. e4 Nh5 15. Rg4 e5 16. Rdg1 Rg8 17. Nf3 Nf4 18. dxe5 dxe5 19. Nxe5 Nxe5 20. Rxf4 Qd6 21. Bxe5 Qxe5 22. Rxf7 Raf8 23. Rxf8 Rxf8 24. Kb1 Qd4 25. Rd1 Rxf2 26. Be2 Qf6 27. e5 Qh4 28. Qd2 Qe4+ 29. Kc1 g6 30. Qh6 Qf4+ 31. Qxf4 Rxf4 32. Rd8+ Kg7 33. Rd7+ Kh6 34. Rxc7 Bg2 35. Bd3 Rf3 36. Kd2 Bh3 37. Rxa7 Rf2+ 38. Kc3 Rxh2 39. Rb7 Bf5 40. Bxf5 gxf5 41. Kd4 Kg5 42. e6 Re2 43. Rxh7 Rxe6 44. b4 f4 45. a4 f3 46. Rf7 Kg4 47. c5 bxc5+ 48. Kxc5 Re5+ 49. Kd4 Re2 50. a5 f2 51. a6 Rb2 52. Kc5 Rc2+ 53. Kb5 Kg3 54. a7 Ra2 55. Kb6 Ra4 56. b5 Ra3 57. Kb7 Rf3 58. Rxf3+ Kxf3 59. a8Q f1Q 60. Qf8+ 1-0

[Event "AUT-chT2O 1819"]
[Site "Austria"]
[Date "2018.11.03"]
[Round "3.3"]
[White "Schwarhofer, Christopher"]
[Black "Nagy, Bence"]
[Result "0-1"]
[WhiteElo "2379"]
[BlackElo "2381"]
[PlyCount "62"]
[EventDate "2018.10.06"]
[EventType "team-tourn"]
[EventRounds "11"]
[EventCountry "AUT"]
[SourceTitle "CBM 187 Extra"]
[Source "ChessBase"]
[SourceDate "2018.11.04"]
[SourceVersion "1"]
[SourceVersionDate "2018.11.04"]
[SourceQuality "1"]
[WhiteTeam "Nickelsdorf Blackburne"]
[BlackTeam "Austria"]
[WhiteTeamCountry "AUT"]
[BlackTeamCountry "AUT"]

1. e4 c5 2. Nf3 d6 3. d4 cxd4 4. Nxd4 Nf6 5. Nc3 a6 6. f4 e5 7. Nf3 Qc7 8. Be3 Be6 9. Qd2 Nbd7 10. 0-0-0 Rc8 11. f5 Bc4 12. h3 d5 13. exd5 Bb4 14. Bxc4 Qxc4 15. Qe2 Qc7 16. d6 Qa5 17. Bd4 0-0 18. Nxe5 Rfe8 19. Rhe1 Nxe5 20. Bxe5 Nd7 21. Rd5 b5 22. Qf2 Nxe5 23. Rexe5 Rxe5 24. d7 Rce8 25. Qg3 Re1+ 26. Nd1 Rd8 27. f6 g6 28. c3 Bxc3 29. bxc3 Re2 30. Qd6 Qxa2 31. Rd2 Qxd2+ 0-1

[Event "Steyr Landesliga 1718"]
[Site "Austria"]
[Date "2018.03.24"]
[Round "10.2"]
[White "Schwarhofer, Christopher"]
[Black "Perhinig, Robert"]
[Result "0-1"]
[WhiteElo "2384"]
[BlackElo "2229"]
[PlyCount "102"]
[EventDate "2017.09.30"]
[EventType "team-tourn"]
[EventRounds "11"]
[EventCountry "AUT"]
[SourceTitle "EXT 2021"]
[Source "ChessBase"]
[SourceDate "2020.10.23"]
[SourceVersion "1"]
[SourceVersionDate "2020.10.23"]
[SourceQuality "1"]
[WhiteTeam "Ratten Krieglach"]
[BlackTeam "Graz Schachgesellschaft"]
[WhiteTeamCountry "AUT"]
[BlackTeamCountry "AUT"]

1. e4 e6 2. Qe2 c5 3. g3 b6 4. Bg2 Bb7 5. f4 Nc6 6. c3 Nf6 7. e5 Nd5 8. Na3 Be7 9. Nf3 0-0 10. 0-0 d6 11. d3 Qd7 12. Nc4 Rad8 13. exd6 Bxd6 14. Bd2 Be7 15. Rad1 b5 16. Nce5 Nxe5 17. fxe5 Nb6 18. Bf4 Nd5 19. Bc1 b4 20. c4 Nb6 21. b3 Qc7 22. Bb2 Nd7 23. Nd2 Bxg2 24. Kxg2 Nb8 25. Rf4 Bg5 26. Rg4 Bxd2 27. Qxd2 Kh8 28. Qg5 Rg8 29. Rh4 Rgf8 30. Qh5 h6 31. Bc1 Rd4 32. g4 f5 33. Bxh6 Kg8 34. Be3 Rxg4+ 35. Rxg4 fxg4 36. Qxg4 Qxe5 37. Re1 Nd7 38. d4 Qf6 39. dxc5 Ne5 40. Qe4 Nf3 41. Rb1 Nh4+ 42. Kh1 Nf5 43. Bf4 Nh4 44. Be3 Nf5 45. Bg1 Qh6 46. Qd3 Qf4 47. Re1 Rf6 48. Qe4 Qd2 49. Re2 Qd1 50. Rg2 Rh6 51. c6 Rxh2+ 0-1

[Event "AUT-chT2O 1718"]
[Site "Austria"]
[Date "2018.02.24"]
[Round "8.2"]
[White "Juhasz, Kristof"]
[Black "Schwarhofer, Christopher"]
[Result "1-0"]
[WhiteElo "2393"]
[BlackElo "2384"]
[PlyCount "115"]
[EventDate "2017.10.21"]
[EventType "team-tourn"]
[EventRounds "11"]
[EventCountry "AUT"]
[SourceTitle "EXT 2019"]
[Source "ChessBase"]
[SourceDate "2018.10.10"]
[SourceVersion "1"]
[SourceVersionDate "2018.10.10"]
[SourceQuality "1"]
[WhiteTeam "Bad Voeslau"]
[BlackTeam "Nickelsdorf Blackburne"]
[WhiteTeamCountry "AUT"]
[BlackTeamCountry "AUT"]

1. d4 g6 2. e4 Bg7 3. c4 c5 4. Nf3 cxd4 5. Nxd4 Qb6 6. Nb3 Nc6 7. Be2 d6 8. 0-0 Nf6 9. Nc3 0-0 10. Be3 Qc7 11. Rc1 Rd8 12. Nd4 Qd7 13. f3 Nh5 14. Qd2 Nxd4 15. Bxd4 Bxd4+ 16. Qxd4 Nf4 17. Qd2 Nxe2+ 18. Qxe2 b6 19. b3 Bb7 20. Rfe1 Qe6 21. Nb5 Qe5 22. Qf2 Qc5 23. Qxc5 dxc5 24. Red1 a6 25. Nc3 Bc6 26. Kf2 Kf8 27. Ke3 e6 28. h4 h6 29. e5 Ke7 30. Rxd8 Rxd8 31. Rd1 Rxd1 32. Nxd1 a5 33. Nf2 Kf8 34. Ng4 Kg7 35. Nf6 Kf8 36. Kd3 h5 37. Ke3 Ke7 38. g4 hxg4 39. fxg4 Kf8 40. Kf4 Kg7 41. Kg5 a4 42. bxa4 Bxa4 43. h5 gxh5 44. gxh5 Bc6 45. h6+ Kh8 46. a3 b5 47. cxb5 Bxb5 48. Ne4 c4 49. Kf6 Bc6 50. Nc3 Kh7 51. Kxf7 Bd7 52. Ke7 Bc8 53. Kd8 Bb7 54. Kd7 Bd5 55. a4 Kxh6 56. a5 Kg5 57. a6 Kf4 58. Nxd5+ 1-0

[Event "Steyr Landesliga 1718"]
[Site "Austria"]
[Date "2018.02.03"]
[Round "8.1"]
[White "Mohr, Georg"]
[Black "Schwarhofer, Christopher"]
[Result "1/2-1/2"]
[WhiteElo "2468"]
[BlackElo "2384"]
[PlyCount "129"]
[EventDate "2017.09.30"]
[EventType "team-tourn"]
[EventRounds "11"]
[EventCountry "AUT"]
[SourceTitle "EXT 2019"]
[Source "ChessBase"]
[SourceDate "2018.10.10"]
[SourceVersion "1"]
[SourceVersionDate "2018.10.10"]
[SourceQuality "1"]
[WhiteTeam "Frauental Strassenbahn"]
[BlackTeam "Ratten Krieglach"]
[WhiteTeamCountry "AUT"]
[BlackTeamCountry "AUT"]

1. e4 d5 2. exd5 Qxd5 3. Nc3 Qd6 4. d4 c6 5. Nf3 Bg4 6. Be2 Nd7 7. Ne4 Qc7 8. 0-0 Ngf6 9. Nxf6+ Nxf6 10. Ne5 Bxe2 11. Qxe2 e6 12. Re1 0-0-0 13. c3 Bd6 14. Bf4 Nd5 15. Bg3 h5 16. c4 h4 17. cxd5 hxg3 18. dxc6 Bxe5 19. cxb7+ Kb8 20. Rec1 gxf2+ 21. Kf1 Bxh2 22. Rxc7 Bxc7 23. Kxf2 Rxd4 24. Rc1 Rf4+ 25. Ke3 Rf5 26. Kd3 Rd8+ 27. Kc2 Bb6 28. Kb1 Kxb7 29. Qe4+ Rfd5 30. Qf3 R8d7 31. Qc3 Rc5 32. Qxg7 Rxc1+ 33. Kxc1 Be3+ 34. Kc2 Kb6 35. Qe5 Bd4 36. Qb8+ Kc6 37. b4 Bb6 38. a4 Kd5 39. a5 Bd4 40. Kd3 e5 41. Qa8+ Ke6 42. Qe8+ Kd6 43. g4 Rc7 44. Qd8+ Rd7 45. Qf6+ Kc7 46. Kc4 Kb7 47. b5 Kc8 48. Qh8+ Rd8 49. Qg7 Rd7 50. Qf8+ Kb7 51. Qe8 Kc7 52. g5 Kd6 53. Qf8+ Ke6 54. Qh6+ Ke7 55. Qf6+ Ke8 56. b6 axb6 57. axb6 Bxb6 58. Qxe5+ Re7 59. Qb5+ Kf8 60. Qxb6 Re6 61. Qd8+ Kg7 62. Kd5 Rg6 63. Ke5 Re6+ 64. Kf5 Rg6 65. Qd4+ 1/2-1/2

[Event "AUT-chT2O 1718"]
[Site "Austria"]
[Date "2017.10.21"]
[Round "1.4"]
[White "Morgunov, Daniel"]
[Black "Schwarhofer, Christopher"]
[Result "1-0"]
[WhiteElo "2147"]
[BlackElo "2384"]
[PlyCount "55"]
[EventDate "2017.10.21"]
[EventType "team-tourn"]
[EventRounds "11"]
[EventCountry "AUT"]
[SourceTitle "CBM 181 Extra"]
[Source "ChessBase"]
[SourceDate "2017.12.12"]
[SourceVersion "1"]
[SourceVersionDate "2017.12.12"]
[SourceQuality "1"]
[WhiteTeam "Tschaturanga"]
[BlackTeam "Nickelsdorf Blackburne"]
[WhiteTeamCountry "AUT"]
[BlackTeamCountry "AUT"]

1. e4 c5 2. Nf3 e6 3. d4 cxd4 4. Nxd4 a6 5. Nc3 Qc7 6. Be2 b5 7. 0-0 Bb7 8. Bf3 Nc6 9. Nxc6 dxc6 10. a4 b4 11. Nb1 c5 12. e5 Rd8 13. Nd2 Bxf3 14. Qxf3 Ne7 15. Nc4 Ng6 16. Bg5 Rd5 17. Rad1 h6 18. Rxd5 exd5 19. Qxd5 hxg5 20. Nd6+ Bxd6 21. exd6 Qd8 22. Re1+ Kf8 23. Qc6 Rh6 24. Qc7 Qxc7 25. dxc7 Ne7 26. Rxe7 Rc6 27. Rd7 Ke8 28. Rd8+ 1-0

[Event "AUT-chT 1617"]
[Site "Austria"]
[Date "2017.03.25"]
[Round "7.1"]
[White "Brkic, Ante"]
[Black "Schwarhofer, Christopher"]
[Result "1/2-1/2"]
[WhiteElo "2579"]
[BlackElo "2366"]
[PlyCount "117"]
[EventDate "2016.10.20"]
[EventType "team-tourn"]
[EventRounds "11"]
[EventCountry "AUT"]
[SourceTitle "CBM 177 Extra"]
[Source "ChessBase"]
[SourceDate "2017.04.27"]
[SourceVersion "1"]
[SourceVersionDate "2017.04.27"]
[SourceQuality "1"]
[WhiteTeam "St Veit"]
[BlackTeam "Nickelsdorf Blackburne"]
[WhiteTeamCountry "AUT"]
[BlackTeamCountry "AUT"]

1. e4 d5 2. exd5 Qxd5 3. Nc3 Qd6 4. d4 c6 5. Nf3 Bg4 6. h3 Bh5 7. g3 Nf6 8. Bg2 e6 9. 0-0 Be7 10. Ne2 0-0 11. Nf4 Bxf3 12. Bxf3 Rd8 13. c3 e5 14. dxe5 Qxe5 15. Qc2 Nbd7 16. Bd2 Qc7 17. Rad1 Ne5 18. Bg2 Nc4 19. Bc1 a5 20. Rfe1 Rxd1 21. Qxd1 Bf8 22. a4 Bc5 23. Nd3 Bd6 24. Bg5 Nd7 25. Re4 Nce5 26. Rd4 Nf8 27. Bf4 Re8 28. Re4 Re6 29. Nxe5 Bxe5 30. Be3 Bxg3 31. Qb3 Rxe4 32. Bxe4 Bf4 33. Qb6 Ne6 34. Qxc7 Bxc7 35. b4 g6 36. Kf1 Kf8 37. Ke2 Ke7 38. Kd3 f5 39. Bg2 g5 40. Kc4 h5 41. f3 Kf6 42. Bd4+ Be5 43. Be3 Nc7 44. bxa5 Nd5 45. Bd4 Nf4 46. Bf1 g4 47. fxg4 fxg4 48. hxg4 hxg4 49. Kc5 Nd5 50. c4 Nc3 51. Bxe5+ Kxe5 52. Kb6 Nxa4+ 53. Kxb7 Kd6 54. a6 Nc5+ 55. Kb6 Nxa6 56. Kxa6 Kc5 57. Kb7 g3 58. Bg2 Kxc4 59. Bxc6 1/2-1/2

[Event "AUT-chT 1617"]
[Site "Austria"]
[Date "2017.03.24"]
[Round "6.6"]
[White "Schwarhofer, Christopher"]
[Black "Kraemer, Martin"]
[Result "0-1"]
[WhiteElo "2366"]
[BlackElo "2570"]
[PlyCount "196"]
[EventDate "2016.10.20"]
[EventType "team-tourn"]
[EventRounds "11"]
[EventCountry "AUT"]
[SourceTitle "CBM 177 Extra"]
[Source "ChessBase"]
[SourceDate "2017.04.27"]
[SourceVersion "1"]
[SourceVersionDate "2017.04.27"]
[SourceQuality "1"]
[WhiteTeam "Nickelsdorf Blackburne"]
[BlackTeam "Wulkaprodersdorf"]
[WhiteTeamCountry "AUT"]
[BlackTeamCountry "AUT"]

1. e4 c5 2. Nf3 d6 3. d4 cxd4 4. Nxd4 Nf6 5. Nc3 a6 6. h3 e5 7. Nde2 h5 8. Bg5 Be6 9. f4 Nbd7 10. Qd2 Rc8 11. g3 b5 12. Bg2 Be7 13. a3 0-0 14. b3 Nb6 15. Rd1 Rc6 16. Nd5 Bxd5 17. exd5 Rc7 18. fxe5 dxe5 19. d6 Bxd6 20. Bxf6 gxf6 21. Be4 Kg7 22. Bf5 Qa8 23. 0-0 Rd8 24. Kh2 Be7 25. Qe3 Bc5 26. Rxd8 Bxe3 27. Rxa8 Nxa8 28. Kg2 Nb6 29. Rd1 Bc5 30. a4 bxa4 31. bxa4 Nc4 32. Kf3 Ne3 33. Rd7 Rxd7 34. Bxd7 f5 35. g4 hxg4+ 36. hxg4 fxg4+ 37. Ke4 Kf6 38. a5 Kg5 39. Kxe5 f6+ 40. Ke4 f5+ 41. Ke5 Ba7 42. Bc8 Bb8+ 43. Kd4 Nxc2+ 44. Kc3 Ne3 45. Bxa6 Bc7 46. Kd3 Nf1 47. Nd4 Bxa5 48. Bc8 Ng3 49. Ne6+ Kf6 50. Nf4 Ne4 51. Nd5+ Kg5 52. Bxf5 Kxf5 53. Ne3+ Kf4 54. Nxg4 Bb6 55. Nh6 Ng5 56. Ng8 Bd8 57. Kd4 Nf7 58. Kd5 Kf5 59. Kc6 Ke6 60. Kc5 Bg5 61. Kc6 Nh8 62. Kc5 Kf7 63. Kd5 Kxg8 64. Ke6 Nf7 65. Kf5 Kg7 66. Ke6 Kg6 67. Kd5 Kf5 68. Kd4 Ke6 69. Ke4 Nd6+ 70. Kd4 Bf6+ 71. Ke3 Kd5 72. Kf4 Bd4 73. Kf3 Ke5 74. Kg4 Ke4 75. Kg3 Nf7 76. Kg4 Be5 77. Kh4 Kf4 78. Kh3 Ng5+ 79. Kg2 Ne4 80. Kg1 Kf3 81. Kh1 Nf2+ 82. Kg1 Bd6 83. Kf1 Bh2 84. Ke1 Ne4 85. Kd1 Ke3 86. Kc2 Nd2 87. Kc3 Bd6 88. Kc2 Be5 89. Kd1 Kd3 90. Kc1 Nc4 91. Kd1 Bg3 92. Kc1 Bh4 93. Kd1 Nb2+ 94. Kc1 Kc3 95. Kb1 Bg5 96. Ka2 Nc4 97. Kb1 Kb3 98. Ka1 Bh6 0-1

[Event "Steyr Landesliga 1617"]
[Site "Austria"]
[Date "2017.03.18"]
[Round "8.1"]
[White "Poetz, Florian"]
[Black "Schwarhofer, Christopher"]
[Result "0-1"]
[WhiteElo "2384"]
[BlackElo "2366"]
[PlyCount "80"]
[EventDate "2016.10.01"]
[EventType "team-tourn"]
[EventRounds "11"]
[EventCountry "AUT"]
[SourceTitle "EXT 2018"]
[Source "ChessBase"]
[SourceDate "2017.10.13"]
[SourceVersion "1"]
[SourceVersionDate "2017.10.13"]
[SourceQuality "1"]
[WhiteTeam "Styria"]
[BlackTeam "Ratten Krieglach"]
[WhiteTeamCountry "AUT"]
[BlackTeamCountry "AUT"]

1. e4 d5 2. exd5 Qxd5 3. Nc3 Qd6 4. d4 c6 5. Nf3 Bg4 6. Be3 Nf6 7. h3 Bh5 8. g4 Bg6 9. Ne5 Nbd7 10. Nxg6 hxg6 11. Qf3 Nd5 12. Nxd5 Qxd5 13. Qxd5 cxd5 14. Bd3 e6 15. Ke2 a6 16. a4 Rc8 17. c3 Bd6 18. f3 f5 19. Kf2 Kf7 20. Kg2 Kf6 21. h4 Kf7 22. g5 Nb6 23. Bd2 Nc4 24. Bc1 Rh7 25. f4 Rhh8 26. Bxc4 dxc4 27. Bd2 Rc6 28. b3 cxb3 29. Rab1 b5 30. axb5 axb5 31. Rhc1 Rxh4 32. Kg3 Rg4+ 33. Kf3 Ba3 34. Rg1 Rxg1 35. Rxg1 b4 36. cxb4 b2 37. b5 Rc1 38. Bxc1 bxc1Q 39. Rxc1 Bxc1 40. b6 Ba3 0-1